000 00348nam a2200145Ia 4500
008 150201s1999 xx 000 0 und d
082 _a617.6
_bC1999S
100 _aSCHUSTOR,G.M.
245 _aCLINICAL DENTAL ASSISTING
250 _a1ST
260 _bSAUNDERS
_aPHILADELPHIA
_c1999
300 _a1-130
650 _aPERIODONTICS
942 _2ddc
_cBK
999 _c3322
_d3322